Hackers [videorecording] : (Record no. 6442)
[ view plain ]
| 000 -LEADER | |
|---|---|
| fixed length control field | 00941nam a2200193 4500 |
| 005 - DATE AND TIME OF LATEST TRANSACTION | |
| control field | 20250812091730.0 |
| 008 - FIXED-LENGTH DATA ELEMENTS--GENERAL INFORMATION | |
| fixed length control field | 170323b xxu||||| |||| 00| 0 eng d |
| 082 ## - DEWEY DECIMAL CLASSIFICATION NUMBER | |
| Edition number | 2012 |
| Classification number | AV-CD 364.16 |
| Item number | Sm64 |
| 100 ## - MAIN ENTRY--PERSONAL NAME | |
| 9 (RLIN) | 19511 |
| Personal name | Smith, Mike |
| 245 ## - TITLE STATEMENT | |
| Title | Hackers [videorecording] : |
| Remainder of title | outlaws and angels/ |
| Statement of responsibility, etc. | producer/director, Mike Smith ; produced by September Films for TLC |
| 260 ## - PUBLICATION, DISTRIBUTION, ETC. (IMPRINT) | |
| Place of publication, distribution, etc. | Princeton, N.J. : |
| Name of publisher, distributor, etc. | Films for the Humanities and Sciences, |
| Date of publication, distribution, etc. | c2004. |
| 300 ## - PHYSICAL DESCRIPTION | |
| Extent | 1 videodisc : |
| Other physical details | sd., col. ; |
| Dimensions | 4 3/4 in. |
| 306 ## - PLAYING TIME | |
| Playing time | 50 min. : |
| 520 ## - SUMMARY, ETC. | |
| Summary, etc. | "This alarming program reveals the daily battle between the Internet's outlaws and the hackers who oppose them by warding off system attacks, training IT professionals and police officers, and watching cyberspace for signs of imminent infowar."--Container |
| 650 #0 - SUBJECT ADDED ENTRY--TOPICAL TERM | |
| 9 (RLIN) | 19512 |
| Topical term or geographic name as entry element | Computer crimes |
| 650 #0 - SUBJECT ADDED ENTRY--TOPICAL TERM | |
| 9 (RLIN) | 19513 |
| Topical term or geographic name as entry element | Hackers |
| 650 #0 - SUBJECT ADDED ENTRY--TOPICAL TERM | |
| 9 (RLIN) | 19514 |
| Topical term or geographic name as entry element | Computer networks -- Security measures |
| 942 ## - ADDED ENTRY ELEMENTS (KOHA) | |
| Source of classification or shelving scheme | Dewey Decimal Classification |
| Koha item type | Compact Disc |
| Withdrawn status | Lost status | Source of classification or shelving scheme | Damaged status | Not for loan | Collection code | Home library | Current library | Date acquired | Source of acquisition | Cost, normal purchase price | Total Checkouts | Full call number | Barcode | Date last seen | Copy number | Price effective from | Koha item type |
|---|---|---|---|---|---|---|---|---|---|---|---|---|---|---|---|---|---|
| Dewey Decimal Classification | AV-CD | UM Digos College - LIC | UM Digos College - LIC | 07/25/2016 | Purchased | 750.00 | AV-CD 364.16 Sm64 2004 | 0495 | 03/24/2017 | 1 | 03/24/2017 | Compact Disc | |||||
| Dewey Decimal Classification | AV-CD | UM Digos College - LIC | UM Digos College - LIC | 07/25/2016 | Purchased | 750.00 | AV-CD 364.16 Sm64 2004 | 0496 | 05/15/2025 | 2 | 03/24/2017 | Compact Disc | |||||
| Dewey Decimal Classification | AV-CD | UM Digos College - LIC | UM Digos College - LIC | 07/25/2016 | Purchased | 750.00 | AV-CD 364.16 Sm64 2004 | 0497 | 05/15/2025 | 3 | 03/24/2017 | Compact Disc | |||||
| Dewey Decimal Classification | AV-CD | UM Digos College - LIC | UM Digos College - LIC | 07/25/2016 | Purchased | 750.00 | AV-CD 364.16 Sm64 2004 | 0498 | 03/24/2017 | 4 | 03/24/2017 | Compact Disc | |||||
| Dewey Decimal Classification | AV-CD | UM Digos College - LIC | UM Digos College - LIC | 07/25/2016 | Purchased | 750.00 | AV-CD 364.16 Sm64 2004 | 0499 | 05/15/2025 | 5 | 03/24/2017 | Compact Disc |
